word start C [250 common english word] - Statistics

General Stats
  • This quiz has been taken 12 times
  • The average score is 5 of 12
Answer Stats
lp Answer % Correct
1 can
100%
2 could
75%
6 call
67%
5 came
58%
4 come
58%
3 cause
33%
12 change
25%
8 cover
25%
10 cross
25%
9 city
17%
11 close
17%
7 country
17%
No matching quizzes found
Score Distribution
Percent of People with Each Score
Percentile by Number Answered
Your Score History
You have not taken this quiz